Quiz wiedzy o kolei #1 - Statystyki

Ogólne statystyki
  • Ten quiz został rozwiązany 14 razy
  • Średni wynik to 6 z 15
Statystyki odpowiedzi
Pytanie Odpowiedź % Poprawnych
Jaki przewoźnik przewiózł najwięcej pasażerów w Polsce w 2023 roku? Polregio
83%
Jak nazywają się trzy główne stacje kolejowe w Warszawie? Warszawa {Centralna}
83%
Jak nazywają się trzy główne stacje kolejowe w Warszawie? Warszawa {Wschodnia}
83%
Jak nazywają się trzy główne stacje kolejowe w Warszawie? Warszawa {Zachodnia}
83%
Jaka jest największa stacja kolejowa w Polsce? (pod względem obsłużonych pasażerów) Wrocław Główny
58%
Jakie jest największe miasto w Polsce bez stacji kolejowej? Jastrzębie-Zdrój
50%
Jaki był największy polski producent lokomotyw i wagonów? Pafawag
50%
Jak nazywa się linia kolejowa łącząca Górny Śląsk z Trójmiastem? Magistrala {Węglowa}
42%
Jak nazywa się linia kolejowa łącząca Zawiercie z Grodziskiem Mazowieckim? (potocznie Górny Śląsk - Warszawa) {Centralna} Magistrala {Kolejowa}
25%
Gdzie znajduję się największe muzeum kolejnictwa w Polsce? Jaworzyna Śląska
17%
Jak nazywa się najbardziej na północ wysunięta stacja kolejowa w Polsce? Władysławowo Port
17%
Jak nazywa się najbardziej na południe wysunięta stacja kolejowa w Polsce? Łupków
8%
Jak nazywa się jedyna stacja kolejowa w Polsce na wyspie Uznam? Świnoujście Centrum
8%
Jak nazywają się dwa największe kolejowe towarowe kompleksy w Polsce? Poznań Franowo
0%
Jak nazywają się dwa największe kolejowe towarowe kompleksy w Polsce? Warszawa Główna Towarowa
0%
Nie znaleziono quizów pasujących do podanych kryteriów
Rozkład punktacji
Procent ludzi z każdym wynikiem
Percentyl według liczby udzielonych odpowiedzi
Twoja historia wyników
Nie rozwiązałeś tego quizu